000 00474nam a2200169 4500
001 116652
003 ES-MaACL
005 20250823063103.0
007 t|
008 061121s1931 sp r ||||1| spa d
100 1 _aOteyza, Luis de,
_d1883-1961
_987927
245 1 3 _aEl hombre que tuvo harén /
_cLuis de Oteyza.
260 _aMadrid :
_b[s.n.],
_c1931 (
_fImp. Helénica)
300 _a292 p. ;
_c19 cm.
852 _aES-MaACL
_jA-399
999 _c116652
_d116652